| 000 | 00773nmm a2200241 a 4500 | ||
|---|---|---|---|
| 001 | ocm000701095 | ||
| 003 | TR-IsHL | ||
| 005 | 20201028141908.0 | ||
| 008 | 131226s1969 tu tur | ||
| 007 | cr cn | ||
| 035 |
_a701095 _b(N$T) |
||
| 050 | 0 | 4 |
_aHG1642 _b.T35 1969 |
| 090 | 0 | 4 |
_aHG1642 _b.T35 1969 |
| 245 | 1 | 0 |
_aTaksitli satışlar etüdü _h[electronic resource] |
| 260 |
_aİstanbul : _bİstanbul Ticaret Odası, _c1969 |
||
| 300 | _a12 p. | ||
| 650 | 4 | _aEkonomi ve Finans | |
| 650 | 4 | _aEconomics and Finance | |
| 650 | 0 | _aTaksitli satışlar | |
| 650 | 0 | _aInstallment sales | |
| 650 | 7 |
_aBUSINESS & ECONOMICS / Sales & Selling / General _2bisacsh |
|
| 856 | 4 | 0 | _uhttp://search.ebscohost.com/login.aspx?direct=true&scope=site&db=e011xww&AN=701095 |
| 999 |
_c8060 _d8060 |
||